[Event "Online Olym Div3 D"]
[Site "Chess.com INT"]
[Date "2021.08.28"]
[Round "5.2"]
[White "Kaslan, Alexandra"]
[Black "Dunat, Kimberlie"]
[Result "1-0"]
[WhiteElo "1435"]
[BlackElo "1398"]
[PlyCount "99"]
[EventDate "2021.08.27"]
[EventType "team-tourn (rapid)"]
[EventRounds "9"]
[EventCountry "USA"]
[SourceTitle "CBM 204 Extra"]
[Source "ChessBase"]
[SourceDate "2021.11.30"]
[SourceVersion "1"]
[SourceVersionDate "2021.11.30"]
[SourceQuality "1"]
[WhiteTeam "Surinam"]
[BlackTeam "Haiti"]
[WhiteTeamCountry "SUR"]
[BlackTeamCountry "HAI"]

1. d4 d5 2. Nf3 Nc6 3. Bf4 Nf6 4. e3 e6 5. Nbd2 Be7 6. c3 b6 7. Ne5 Bb7 8. Bd3 Nd7 9. Ndf3 f6 10. Ng5 fxg5 11. Qh5+ g6 12. Bxg6+ Kf8 13. Nf7 Kg7 14. Nxd8 hxg6 15. Nxe6+ Kf7 16. Nxg5+ Kg7 17. Qe2 Nf6 18. Ne6+ Kf7 19. Nxc7 Rac8 20. Nb5 Ne4 21. Bg3 Ba6 22. 0-0 Rh5 23. a4 Rch8 24. h3 Rf5 25. Qc2 Bc8 26. c4 Be6 27. Nc7 Nb4 28. Qe2 Bd7 29. cxd5 Nxd5 30. Nxd5 Rxd5 31. Qf3+ Bf5 32. Be5 Rhd8 33. g4 Nd2 34. Qf4 Bg5 35. Qg3 Nxf1 36. Rxf1 Bd3 37. Rd1 Bc2 38. Rc1 Bxa4 39. Rc7+ R8d7 40. Rxd7+ Rxd7 41. h4 Be7 42. Qf4+ Ke8 43. g5 Rd8 44. Bf6 Bd6 45. Qe4+ Kd7 46. Bxd8 Kxd8 47. Qxg6 Be8 48. Qxd6+ Bd7 49. g6 Ke8 50. g7 1-0

[Event "Online Olym Div4 D"]
[Site "Chess.com INT"]
[Date "2021.08.21"]
[Round "7.5"]
[White "Kaslan, Alexandra"]
[Black "Cielo, Lesley"]
[Result "1-0"]
[WhiteElo "1435"]
[BlackElo "1243"]
[PlyCount "101"]
[EventDate "2021.08.20"]
[EventType "team (rapid)"]
[EventRounds "11"]
[EventCountry "USA"]
[SourceTitle "CBM 203 Extra"]
[Source "ChessBase"]
[SourceDate "2021.09.30"]
[SourceVersion "1"]
[SourceVersionDate "2021.09.30"]
[SourceQuality "1"]
[WhiteTeam "Surinam"]
[BlackTeam "Aruba"]
[WhiteTeamCountry "SUR"]
[BlackTeamCountry "ARN"]

1. d4 f5 2. c4 Nf6 3. Nc3 g6 4. e3 Bg7 5. Bd3 d6 6. f4 c6 7. Nge2 0-0 8. 0-0 Qe8 9. Ng3 e5 10. fxe5 dxe5 11. dxe5 Qxe5 12. e4 Rd8 13. Qe2 Na6 14. exf5 Qxe2 15. Bxe2 gxf5 16. Bg5 Be6 17. Nxf5 Bxf5 18. Rxf5 Rf8 19. Raf1 Nd7 20. Rxf8+ Rxf8 21. Rxf8+ Kxf8 22. Nd1 Ne5 23. b3 Nb4 24. a4 Nbd3 25. Nf2 Nc5 26. Bd1 a5 27. Be3 b6 28. Bc2 Kg8 29. h3 h6 30. Ne4 Bf8 31. Kf2 Kf7 32. Nxc5 Bxc5 33. Bxc5 bxc5 34. Ke3 Kf6 35. Kf4 Nd7 36. g4 Nf8 37. Bf5 Ng6+ 38. Bxg6 Kxg6 39. Ke5 Kg5 40. Kd6 Kh4 41. Kxc5 Kxh3 42. Kxc6 Kxg4 43. Kb6 h5 44. c5 h4 45. c6 h3 46. c7 h2 47. c8Q+ Kg3 48. Qg8+ Kf2 49. Qh7 Kg2 50. Qxh2+ Kxh2 51. Kxa5 1-0

[Event "Online Olym Div3 E"]
[Site "Chess.com INT"]
[Date "2020.08.07"]
[Round "2.3"]
[White "Torres Hernandez, Leslie Carolin"]
[Black "Kaslan, Alexandra"]
[Result "1-0"]
[WhiteElo "1884"]
[BlackElo "1435"]
[PlyCount "65"]
[EventDate "2020.08.07"]
[EventType "team-tourn (rapid)"]
[EventRounds "9"]
[EventCountry "USA"]
[SourceTitle "CBM 198"]
[Source "ChessBase"]
[SourceDate "2020.10.31"]
[SourceVersion "1"]
[SourceVersionDate "2020.10.31"]
[SourceQuality "1"]
[WhiteTeam "Honduras"]
[BlackTeam "Surinam"]
[WhiteTeamCountry "HON"]
[BlackTeamCountry "SUR"]

1. e4 e6 2. Nc3 d5 3. g3 d4 4. Nce2 e5 5. Bg2 c5 6. d3 Nc6 7. f4 Bd6 8. f5 Nf6 9. Nf3 Qe7 10. 0-0 Bd7 11. h3 0-0-0 12. g4 h5 13. g5 Nh7 14. h4 Rdg8 15. Ng3 Nf8 16. Nd2 g6 17. Nc4 Bc7 18. a4 Na5 19. Nxa5 Bxa5 20. Bd2 Qd8 21. Qe1 Bxd2 22. Qxd2 a6 23. b4 Qb6 24. Rfb1 Bc6 25. b5 axb5 26. axb5 Be8 27. c3 Nd7 28. cxd4 exd4 29. Qf4 Qc7 30. Ra8+ Nb8 31. e5 Bd7 32. b6 Qd8 33. e6 1-0

[Event "Online Olym Div4 D"]
[Site "Chess.com INT"]
[Date "2020.08.02"]
[Round "8.1"]
[White "Kaslan, Alexandra"]
[Black "Paul, Theophane"]
[Result "1-0"]
[WhiteElo "1435"]
[BlackElo "1493"]
[PlyCount "127"]
[EventDate "2020.07.31"]
[EventType "team-tourn (rapid)"]
[EventRounds "9"]
[EventCountry "USA"]
[SourceTitle "CBM 198"]
[Source "ChessBase"]
[SourceDate "2020.10.31"]
[SourceVersion "1"]
[SourceVersionDate "2020.10.31"]
[SourceQuality "1"]
[WhiteTeam "Surinam"]
[BlackTeam "Haiti"]
[WhiteTeamCountry "SUR"]
[BlackTeamCountry "HAI"]

1. d4 d5 2. Nf3 e6 3. Bf4 c6 4. e3 Nf6 5. Bd3 Nbd7 6. Nbd2 Be7 7. Ne5 0-0 8. Ndf3 Re8 9. Ng5 Nxe5 10. dxe5 Ne4 11. Nxe4 dxe4 12. Bxe4 Qb6 13. 0-0 f5 14. exf6 Bxf6 15. Bxh7+ Kf8 16. Bd6+ Re7 17. Bxe7+ Kxe7 18. Rb1 Bd7 19. Qd3 Rd8 20. Qa3+ Kf7 21. Qd3 Qc7 22. Qg6+ Ke7 23. f4 Be8 24. Qg3 a6 25. Rfd1 Bf7 26. Rxd8 Qxd8 27. Qf3 Qh8 28. Be4 Qh5 29. Qxh5 Bxh5 30. h3 Be8 31. g4 g5 32. c3 gxf4 33. exf4 Bh4 34. Kg2 Bf7 35. a3 Kf6 36. Kf3 Ke7 37. Rf1 Be8 38. Ke3 Kd7 39. Kd4 Bf6+ 40. Kc5 Be7+ 41. Kb6 Kc8 42. f5 e5 43. f6 Bd6 44. f7 Bd7 45. f8R+ Bxf8 46. Rxf8+ Be8 47. Bg6 Kd7 48. Rxe8 e4 49. Rxe4 c5 50. Kxb7 a5 51. Kb6 c4 52. Kxa5 Kd6 53. Rxc4 Ke5 54. Rc5+ Kf6 55. b4 Ke6 56. b5 Kd6 57. Rg5 Ke6 58. b6 Kf6 59. Rc5 Kxg6 60. b7 Kf6 61. b8Q Ke6 62. Qb6+ Kd7 63. Rc7+ Ke8 64. Qb8# 1-0

[Event "Olympiad Women-43"]
[Site "Batumi"]
[Date "2018.10.01"]
[Round "7.57"]
[White "Khamboo, Monalisa"]
[Black "Kaslan, Alexandra"]
[Result "1-0"]
[WhiteElo "1704"]
[BlackElo "1414"]
[PlyCount "125"]
[EventDate "2018.09.24"]
[EventType "team-swiss"]
[EventRounds "11"]
[EventCountry "GEO"]
[SourceTitle "EXT 2020"]
[Source "ChessBase"]
[SourceDate "2019.10.17"]
[SourceVersion "1"]
[SourceVersionDate "2019.10.17"]
[SourceQuality "1"]
[WhiteTeam "Nepal (W)"]
[BlackTeam "Surinam (W)"]
[WhiteTeamCountry "NEP"]
[BlackTeamCountry "SUR"]

1. d4 Nf6 2. Bg5 e6 3. Nf3 d5 4. e3 Nbd7 5. c4 c6 6. Nc3 Be7 7. Be2 0-0 8. 0-0 Re8 9. Qc2 h6 10. Bh4 Qc7 11. Rac1 a6 12. c5 e5 13. Bg3 Bf8 14. dxe5 Nh5 15. e6 Nxg3 16. exf7+ Kxf7 17. hxg3 Nxc5 18. Nd4 Kg8 19. Qg6 Qf7 20. Bh5 Qxg6 21. Bxg6 Re5 22. Rfe1 Rg5 23. Bc2 Bd7 24. b4 Ne6 25. Nf3 Bxb4 26. Nxg5 Bxc3 27. Bh7+ Kh8 28. Rxc3 Nxg5 29. Bg6 Rc8 30. Rd3 Ne6 31. Rd2 b5 32. f4 Nc7 33. e4 Be8 34. Bf5 Rd8 35. exd5 Nxd5 36. Red1 Bf7 37. Rc1 Rd6 38. Bc8 a5 39. Bb7 Be8 40. Bc8 Rd8 41. Be6 Kh7 42. Rc5 Rd6 43. Bxd5 Rxd5 44. Rdxd5 cxd5 45. Rxd5 a4 46. a3 Kg6 47. Kf2 Kf6 48. Re5 Bc6 49. Ke3 g5 50. Kd4 gxf4 51. gxf4 Bxg2 52. Rxb5 Bf1 53. Ra5 Bg2 54. Rxa4 Kf5 55. Ra5+ Kxf4 56. Rh5 Kg4 57. Rxh6 Kg5 58. Re6 Kf5 59. Re1 Kf6 60. Kc5 Bh3 61. a4 Bd7 62. a5 Bc8 63. Kb6 1-0

[Event "Olympiad Women-43"]
[Site "Batumi"]
[Date "2018.09.26"]
[Round "3.48"]
[White "Selkirk, Rebecca"]
[Black "Kaslan, Alexandra"]
[Result "1-0"]
[WhiteElo "1733"]
[BlackElo "1414"]
[PlyCount "71"]
[EventDate "2018.09.24"]
[EventType "team-swiss"]
[EventRounds "11"]
[EventCountry "GEO"]
[SourceTitle "EXT 2020"]
[Source "ChessBase"]
[SourceDate "2019.10.17"]
[SourceVersion "1"]
[SourceVersionDate "2019.10.17"]
[SourceQuality "1"]
[WhiteTeam "South Africa (W)"]
[BlackTeam "Surinam (W)"]
[WhiteTeamCountry "RSA"]
[BlackTeamCountry "SUR"]

1. e4 c5 2. c3 d6 3. d4 cxd4 4. cxd4 Nf6 5. Nc3 e6 6. f4 Be7 7. Bd3 a6 8. Nge2 Nbd7 9. 0-0 Qc7 10. e5 Nd5 11. Nxd5 exd5 12. Nc3 Nb6 13. Qf3 dxe5 14. fxe5 Be6 15. Qg3 0-0-0 16. Be3 Kb8 17. Rfc1 Qd7 18. b3 g5 19. a4 h5 20. a5 h4 21. Qe1 Na8 22. b4 Nc7 23. Rab1 g4 24. Bf1 Rdg8 25. b5 Ka8 26. b6 Ne8 27. Bxa6 g3 28. Bxb7+ Qxb7 29. a6 gxh2+ 30. Kh1 Qb8 31. b7+ Ka7 32. Nb5+ Kxa6 33. Nc7+ Nxc7 34. Rc6+ Ka7 35. Qa5+ Na6 36. Qxa6# 1-0

[Event "South America-ch U20 Girls"]
[Site "Paramaribo"]
[Date "2016.11.25"]
[Round "5"]
[White "Sigchos Bosques, Breana Gisell"]
[Black "Kaslan, Alexandra"]
[Result "1-0"]
[WhiteElo "1755"]
[BlackElo "1533"]
[PlyCount "115"]
[EventDate "2016.11.21"]
[EventType "tourn"]
[EventRounds "9"]
[EventCountry "SUR"]
[SourceTitle "EXT 2022"]
[Source "ChessBase"]
[SourceDate "2021.10.06"]
[SourceVersion "1"]
[SourceVersionDate "2021.10.06"]
[SourceQuality "1"]

1. e4 c5 2. Nf3 d6 3. d4 cxd4 4. Nxd4 Nf6 5. Nc3 a6 6. Bc4 e6 7. Bb3 Qc7 8. Qf3 Bd7 9. 0-0 Nc6 10. Nxc6 Bxc6 11. Re1 Be7 12. Qg3 Bf8 13. Nd5 Bxd5 14. exd5 Qa5 15. Bf4 Nh5 16. Qh4 Nxf4 17. Qxf4 e5 18. Qg4 g6 19. f4 Qc5+ 20. Kh1 Bg7 21. Rad1 0-0 22. f5 b5 23. Rf1 Qc8 24. Qb4 Qc5 25. Qxc5 dxc5 26. c4 Bf6 27. d6 gxf5 28. Rxf5 Kg7 29. Rdf1 Bd8 30. cxb5 axb5 31. Rxf7+ Rxf7 32. Rxf7+ Kg6 33. Bd5 c4 34. a3 Ba5 35. Rb7 b4 36. h4 bxa3 37. Be4+ Kf6 38. bxa3 Ke6 39. Rxh7 Rb8 40. Rh6+ Kd7 41. Bf5+ Kc6 42. d7+ Kd5 43. Ra6 Bd8 44. h5 Bg5 45. Rg6 e4 46. Rxg5 e3 47. Bg4+ Kd4 48. Rb5 Rd8 49. Rb4 Kd3 50. Bf5+ Kc3 51. Bg4 Kd3 52. Kh2 c3 53. Rb3 Kd2 54. Rb6 Rxd7 55. Bxd7 e2 56. Rd6+ Kc1 57. Re6 Kd2 58. Rxe2+ 1-0

[Event "Olympiad Women-42"]
[Site "Baku"]
[Date "2016.09.13"]
[Round "11.4"]
[White "Salim Moussa, Seydi"]
[Black "Kaslan, Alexandra"]
[Result "0-1"]
[WhiteElo "1668"]
[BlackElo "1474"]
[PlyCount "136"]
[EventDate "2016.09.02"]
[EventType "team-swiss"]
[EventRounds "11"]
[EventCountry "AZE"]
[SourceTitle "CBM 174 Extra"]
[Source "ChessBase"]
[SourceDate "2016.10.10"]
[SourceVersion "1"]
[SourceVersionDate "2016.10.10"]
[SourceQuality "1"]
[WhiteTeam "Netherlands Antilles (W)"]
[BlackTeam "Surinam (W)"]
[WhiteTeamCountry "AHO"]
[BlackTeamCountry "SUR"]

1. e4 c5 2. Nf3 d6 3. d4 cxd4 4. Nxd4 Nf6 5. Nc3 a6 6. Bd3 Nc6 7. Nf3 e6 8. 0-0 Be7 9. Re1 Qc7 10. a3 0-0 11. h3 b5 12. Be3 Bb7 13. Qd2 Rac8 14. Ne2 Rfd8 15. Nf4 Ne5 16. Nd4 Nc4 17. Bxc4 Qxc4 18. b3 Qc3 19. Qxc3 Rxc3 20. Bd2 Rcc8 21. f3 Nd7 22. Nd3 Bf6 23. c3 Nc5 24. Nc1 Rd7 25. Ra2 Rdc7 26. Nde2 d5 27. b4 Na4 28. exd5 Bxd5 29. Rc2 Nb6 30. Nd3 Nc4 31. Nc5 Nxa3 32. Rcc1 Ra8 33. Ra1 Nc2 34. Rxa6 Nxe1 35. Rxa8+ Bxa8 36. Bxe1 Ra7 37. Bf2 Ra3 38. Be1 Bd5 39. Kf1 Bc4 40. Ne4 Be5 41. g3 Bd3 42. f4 Bxf4 43. gxf4 Bxe4 44. Nd4 Bd3+ 45. Kf2 Bc4 46. Ke3 f6 47. Ke4 Kf7 48. h4 g6 49. Bd2 Ra2 50. Be1 Rh2 51. Nf3 Bd5+ 52. Kd4 Bxf3 53. c4 bxc4 54. Kxc4 Bd5+ 55. Kb5 Re2 56. Bc3 Rc2 57. Bd4 Rc4 58. Bc5 Rxf4 59. Kb6 Rxh4 60. b5 Rc4 61. Ba3 h5 62. Ka5 g5 63. b6 Rc8 64. Kb5 h4 65. Bd6 g4 66. Bc7 g3 67. Kb4 g2 68. Bh2 Rc1 0-1

[Event "Paramaribo zt 2.3.5 (Women)"]
[Site "Paramaribo"]
[Date "2014.02.04"]
[Round "6"]
[White "Kaslan, Alexandra"]
[Black "Frijde, Reyna"]
[Result "0-1"]
[WhiteElo "1505"]
[BlackElo "1608"]
[PlyCount "96"]
[EventDate "2014.02.01"]
[EventType "swiss"]
[EventRounds "9"]
[EventCountry "SUR"]
[SourceTitle "CBM 159 Extra"]
[Source "ChessBase"]
[SourceDate "2014.04.24"]
[SourceVersion "1"]
[SourceVersionDate "2014.04.24"]
[SourceQuality "1"]

1. d4 d5 2. Nf3 e6 3. Bf4 c5 4. e3 Nc6 5. c4 Nf6 6. Bd3 dxc4 7. Bxc4 Be7 8. Nc3 0-0 9. Qd3 Qb6 10. Na4 Qa5+ 11. Nc3 Nh5 12. Bg3 cxd4 13. exd4 Nf6 14. a3 a6 15. Rc1 b5 16. Ba2 Bb7 17. 0-0 Rfd8 18. Bb1 g6 19. Ne2 Qb6 20. Rfd1 Rac8 21. Ne5 Nh5 22. Nxc6 Rxc6 23. Rxc6 Qxc6 24. f3 Nxg3 25. Nxg3 e5 26. Ne2 exd4 27. Nxd4 Rxd4 28. Qe2 Rxd1+ 29. Qxd1 Qd6 30. Qxd6 Bxd6 31. b4 Be5 32. Bc2 Bc6 33. Bd3 Bc3 34. Kf1 a5 35. bxa5 Bxa5 36. Ke2 Bc3 37. Kd1 Bb2 38. Be4 Bxe4 39. fxe4 Bxa3 40. Kc2 b4 41. Kb3 Kg7 42. h4 Kf6 43. Kc4 Ke5 44. Kd3 f5 45. exf5 Kxf5 46. g3 Kg4 47. Kc4 Kxg3 48. h5 gxh5 0-1

[Event "Paramaribo zt 2.3.5 (Women)"]
[Site "Paramaribo"]
[Date "2014.02.03"]
[Round "5"]
[White "Romalho, Gelique"]
[Black "Kaslan, Alexandra"]
[Result "1-0"]
[WhiteElo "1527"]
[BlackElo "1505"]
[PlyCount "107"]
[EventDate "2014.02.01"]
[EventType "swiss"]
[EventRounds "9"]
[EventCountry "SUR"]
[SourceTitle "CBM 159 Extra"]
[Source "ChessBase"]
[SourceDate "2014.04.24"]
[SourceVersion "1"]
[SourceVersionDate "2014.04.24"]
[SourceQuality "1"]

1. e4 c5 2. Bc4 d6 3. Nc3 Nc6 4. a3 e6 5. h3 Nf6 6. d3 Be7 7. Nf3 a6 8. Qe2 Qc7 9. Bf4 Nd7 10. 0-0 Bf6 11. Qd2 Nd4 12. Nxd4 Bxd4 13. Be3 Be5 14. Bf4 Rb8 15. Ba2 b5 16. Bxe5 Nxe5 17. Qg5 f6 18. Qd2 g5 19. f4 Nf7 20. Rf2 h5 21. fxg5 fxg5 22. Raf1 d5 23. Rxf7 Qg3 24. Qf2 Qxf2+ 25. R1xf2 dxe4 26. Nxe4 Rb6 27. Nxc5 g4 28. hxg4 hxg4 29. R2f6 a5 30. Bxe6 Bxe6 31. Nxe6 Rxe6 32. Rxe6+ Kxf7 33. Re4 g3 34. c4 Rd8 35. cxb5 Rxd3 36. Re1 Rb3 37. Rf1+ Kg6 38. Rf3 Rxb2 39. Rxg3+ Kf5 40. a4 Ra2 41. Rb3 Rxa4 42. b6 Rd4 43. b7 Rd8 44. b8Q Rxb8 45. Rxb8 a4 46. Ra8 Kg4 47. Rxa4+ Kf5 48. g4+ Kg5 49. Kg2 Kg6 50. Kg3 Kg5 51. Ra5+ Kg6 52. g5 Kh5 53. Kf4 Kg6 54. Ra6+ 1-0